Magnetická vodivost a silové působení pole prostupujíciho vrstvenou ferromagnetickou deskou, vloženou mezi póly tengenciálního elektromagnetu : Ašpirantská práca : V.odb. 26-02-9 : Obh. 31.05.1958 /

Na minha lista:
Detalhes bibliográficos
Autor principal: Ošlejšek, Oldřich (Author)
Outros Autores: Cigánek, Ladislav (Thesis advisor)
Formato: Manuscrito Livro
Publicado em: Bratislava : SVŠT v Bratislave EF, 1957
Assuntos:
Tags: Adicionar Tag
Sem tags, seja o primeiro a adicionar uma tag!

MARC

LEADER 00000ntm a22000003a 4500
001 stu5585
005 20150617225812.1
008 ------s1957----------------------------d
040 |a STU  |b slo 
041 0
100 1 |a Ošlejšek, Oldřich  |4 aut 
245 1 |a Magnetická vodivost a silové působení pole prostupujíciho vrstvenou ferromagnetickou deskou, vloženou mezi póly tengenciálního elektromagnetu :  |b Ašpirantská práca : V.odb. 26-02-9 : Obh. 31.05.1958 /  |c [aut.] Ošlejšek,Oldřich, Ing.; Škol. Cigánek,Ladislav 
260 |a Bratislava :  |b SVŠT v Bratislave EF,  |c 1957 
300 |a 27 s :  |b príl 
650 7 |a elektrické stroje a prístroje  |2 stusub 
700 1 |a Cigánek, Ladislav  |4 ths 
996 |b 284ED00583  |c E*KDIZ-11  |l EE01  |s A  |a 24  |w stu5585_0001